00406nam a2200157Ia 4500003000400000005001700004008004100021040000900062082002300071100001800094245006000112250001200172260004700184300000900231650000800240OSt20201209122022.0190216s9999||||xx |||||||||||||| ||und|| coclc a342.5483068bSUG/L aSugathan, N  0aLaw Relating To Civil Services In Kerala /cN Sugathan a4th Ed. bKerala Law Publishers,c1987.aErnamkulam: a405p aLaw